| 000 -LEADER |
| fixed length control field |
nam a22 a 4500 |
| 003 - CONTROL NUMBER IDENTIFIER |
| control field |
AKMAL |
| 005 - DATE AND TIME OF LATEST TRANSACTION |
| control field |
20170505164745.0 |
| 008 - FIXED-LENGTH DATA ELEMENTS--GENERAL INFORMATION |
| fixed length control field |
170505s1994 my 00 may d |
| 020 ## - INTERNATIONAL STANDARD BOOK NUMBER |
| International Standard Book Number |
9839103059 (jil. 1): |
| Terms of availability |
RM 10.00 |
| 020 ## - INTERNATIONAL STANDARD BOOK NUMBER |
| International Standard Book Number |
9839103067 (jil. 2): |
| Terms of availability |
RM 10.00 |
| 020 ## - INTERNATIONAL STANDARD BOOK NUMBER |
| International Standard Book Number |
9839103075 (jil. 3): |
| Terms of availability |
RM 10.00 |
| 020 ## - INTERNATIONAL STANDARD BOOK NUMBER |
| International Standard Book Number |
9839103105 (jil. 4): |
| Terms of availability |
RM 10.00 |
| 020 ## - INTERNATIONAL STANDARD BOOK NUMBER |
| International Standard Book Number |
9839103113 (jil. 5): |
| Terms of availability |
RM 10.00 |
| 020 ## - INTERNATIONAL STANDARD BOOK NUMBER |
| International Standard Book Number |
9839103121 (jil. 6): |
| Terms of availability |
RM 10.00 |
| 020 ## - INTERNATIONAL STANDARD BOOK NUMBER |
| International Standard Book Number |
(jil. 7): |
| Terms of availability |
RM 10.00 |
| 040 ## - CATALOGING SOURCE |
| Original cataloging agency |
AKMAL |
| Transcribing agency |
AKMAL |
| 049 ## - LOCAL HOLDINGS (OCLC) |
| Holding library |
klpmal |
| 082 04 - DEWEY DECIMAL CLASSIFICATION NUMBER |
| Classification number |
297.19 ABD |
| 090 ## - LOCALLY ASSIGNED LC-TYPE CALL NUMBER (OCLC); LOCAL CALL NUMBER (RLIN) |
| Classification number (OCLC) (R) ; Classification number, CALL (RLIN) (NR) |
297.19 |
| Local cutter number (OCLC) ; Book number/undivided call number, CALL (RLIN) |
ABD |
| 090 20 - LOCALLY ASSIGNED LC-TYPE CALL NUMBER (OCLC); LOCAL CALL NUMBER (RLIN) |
| Classification number (OCLC) (R) ; Classification number, CALL (RLIN) (NR) |
297.19 |
| Local cutter number (OCLC) ; Book number/undivided call number, CALL (RLIN) |
ABD |
| 100 ## - MAIN ENTRY--PERSONAL NAME |
| Personal name |
Nik Abdul Aziz Nik Mat, |
| Titles and words associated with a name |
Dato', |
| Dates associated with a name |
1931-2015 |
| 9 (RLIN) |
1805 |
| 245 10 - TITLE STATEMENT |
| Title |
Persiapan menghadapi maut / |
| Statement of responsibility, etc. |
tazkirah Tuan Guru Nik Abdul Aziz Nik Mat |
| 260 ## - PUBLICATION, DISTRIBUTION, ETC. |
| Place of publication, distribution, etc. |
Pulau Pinang : |
| Name of publisher, distributor, etc. |
Dewan Muslimat, |
| Date of publication, distribution, etc. |
1994 |
| 300 ## - PHYSICAL DESCRIPTION |
| Extent |
7 jil. ; |
| Dimensions |
21cm |
| 500 ## - GENERAL NOTE |
| General note |
Mengandungi ayat-ayat dari al-Quran |
| 500 ## - GENERAL NOTE |
| General note |
Kandungan: Jil. 1. Mati suatu peringatan.- Jil. 2. Roh yang bersedih.- Jil. 3. Rintihan penghuni barzakh.- Jil. 4. Melihat qiamat dari jendela al-Quran.- Jil. 5. Hari penyesalan.- Jil. 6. Janji-janji Allah.- Jil. 7. Azab dan nikmat akhirat |
| 500 ## - GENERAL NOTE |
| General note |
Judul kulit depan |
| 650 ## - SUBJECT ADDED ENTRY--TOPICAL TERM |
| Topical term or geographic name entry element |
Islam |
| General subdivision |
Doctrines |
| 9 (RLIN) |
894 |
| 650 ## - SUBJECT ADDED ENTRY--TOPICAL TERM |
| Topical term or geographic name entry element |
Islamic eschatology |
| 9 (RLIN) |
1940 |
| 650 ## - SUBJECT ADDED ENTRY--TOPICAL TERM |
| Topical term or geographic name entry element |
Judgment Day (Islam) |
| 9 (RLIN) |
1941 |
| 650 ## - SUBJECT ADDED ENTRY--TOPICAL TERM |
| Topical term or geographic name entry element |
Death |
| General subdivision |
Religious aspects |
| -- |
Islam |
| 9 (RLIN) |
1942 |
| 650 ## - SUBJECT ADDED ENTRY--TOPICAL TERM |
| Topical term or geographic name entry element |
Resurrection (Islam) |
| 9 (RLIN) |
1943 |
| 942 ## - ADDED ENTRY ELEMENTS (KOHA) |
| Source of classification or shelving scheme |
|
| Koha item type |
Book |